000 00860nam a2200241Ia 4500
003 OSt
005 20221005113019.0
006 a|||||r|||| 00| 0
007 ta
008 221004b |||||||| |||| 00| 0 pan d
020 _a9788123756837 (pbk)
_c95
024 _a107427
037 _b513, 02/02/2011, H.K. Prakashan
_cTextual
040 _aCRL
_cCRL
_bpan
041 _2pan
_apan
082 _aY31:1.243, 153P9
100 _aਸੁਲੱਖਣ ਸਰਹੱਦੀ
245 0 _aਪਿੰਡਾਂ ਦਾ ਬਦਲ ਰਿਹਾ ਸਭਿਆਚਾਰਕ ਮੁਹਾਂਦਰਾ
260 _aਦਿੱਲੀ
_bਨੈਨਲ ਬੁੱਕ ਭਾਰਤ
_c2009
300 _a335ਪੰ
_ccm.
942 _hY31:1.243, 153P9
_cTEXL
_2cc
999 _c1026756
_d1026756